000
00317nam a2200109Ia 4500
008
201231s9999 xx 000 0 und d
100
_a
Horngren, Charles T., Foster, George and Datar, Srikant M.
245
0
_a
Cost Accounting : A Managerial Emphasis
260
_a
New Delhi
_b
Prentice Hall
300
_a
967
942
_c
BK
999
_c
9276
_d
9276